000 00436nam a22001697a 4500
003 OSt
005 20211203100829.0
008 211203b |||||||| |||| 00| 0 eng d
020 _a0-912423-29-3
040 _aDDC
_cHU
082 _212TH
_a616.127
_b1
100 _aKLIPPEL JOHN H.
_921640
245 _aPRIMER ON THE RHEUMATIC DISEASES
250 _a12TH
260 _aATLANTA
_bTHE ARTHRITIS FOUNDATION
_c2001
942 _2ddc
_cBOOKS
_n0
999 _c21297
_d21297